| 000 -LEADER |
| fixed length control field |
00552cam a2200181 i 4500 |
| 040 ## - CATALOGING SOURCE |
| Transcribing agency |
DLC |
| 082 ## - DEWEY DECIMAL CLASSIFICATION NUMBER |
| Classification number |
CAM REC 2018 C326 Or. |
| 100 1# - MAIN ENTRY--AUTHOR NAME |
| Personal name |
Ly, Sodeth, |
| 245 10 - TITLE STATEMENT |
| Title |
Cambodia economic update : |
| Remainder of title |
recent economic developments and outlook / |
| 246 1# - VARYING FORM OF TITLE |
| Title proper/short title |
Selected issue, investing in Cambodia's future, early childhood health and nutrition |
| 300 ## - PHYSICAL DESCRIPTION |
| Number of Pages |
54 pages : |
| Other physical details |
color illustrations ; |
| Dimensions |
30 cm |
| 500 ## - GENERAL NOTE |
| General note |
"May 2019." |
| 650 #0 - SUBJECT ADDED ENTRY--TOPICAL TERM |
| Topical Term |
Economic development |
| 650 #0 - SUBJECT ADDED ENTRY--TOPICAL TERM |
| Topical Term |
Children |
| 650 #0 - SUBJECT ADDED ENTRY--TOPICAL TERM |
| Topical Term |
Nutrition |
| 710 2# - ADDED ENTRY--CORPORATE NAME |
| Corporate name or jurisdiction name as entry element |
World Bank. |
| 942 ## - ADDED ENTRY ELEMENTS (KOHA) |
| Koha item type |
ADB |
| 952 ## - LOCATION AND ITEM INFORMATION (KOHA) |
| Withdrawn status [LOCAL, KOHA] |
0 |